[Event "Taastrup Quick Weekend 3rd B"]
[Site "Taastrup"]
[Date "2006.04.03"]
[Round "4"]
[White "Brand, Bjarne"]
[Black "Jensen, Jan Kargaard"]
[Result "1-0"]
[WhiteElo "1692"]
[BlackElo "1714"]
[PlyCount "89"]
[EventDate "2006.04.02"]
[EventType "tourn"]
[EventRounds "5"]
[EventCountry "DEN"]
[SourceTitle "EXT 2023"]
[Source "ChessBase"]
[SourceDate "2022.10.05"]
[SourceVersion "1"]
[SourceVersionDate "2022.10.05"]
[SourceQuality "1"]

1. e4 c5 2. Nf3 d6 3. Bb5+ Bd7 4. Bxd7+ Qxd7 5. 0-0 Nc6 6. Re1 g6 7. c3 Bg7 8. d4 cxd4 9. cxd4 Nf6 10. Nc3 0-0 11. Bf4 Rfd8 12. d5 Na5 13. e5 Nh5 14. e6 fxe6 15. dxe6 Qe8 16. Bd2 Nc4 17. b3 Nxd2 18. Qxd2 Rdc8 19. Rac1 Qf8 20. Nd5 Nf6 21. Ng5 Nxd5 22. Qxd5 Rxc1 23. Rxc1 Qf4 24. Rd1 Be5 25. Nf3 Rc8 26. g3 Qb4 27. Nxe5 dxe5 28. Qxe5 Qg4 29. Qd5 Qb4 30. Rd4 Qe1+ 31. Kg2 Rf8 32. Rf4 Rxf4 33. gxf4 Qb4 34. h4 Kg7 35. Qe5+ Kg8 36. h5 Qd6 37. hxg6 hxg6 38. Qxd6 exd6 39. Kf3 Kg7 40. Ke4 Kf6 41. Kd5 Ke7 42. b4 a6 43. a4 b6 44. b5 a5 45. f3 1-0

[Event "Taastrup Quick Weekend 3rd B"]
[Site "Taastrup"]
[Date "2006.04.02"]
[Round "3"]
[White "Christiansen, Per"]
[Black "Brand, Bjarne"]
[Result "1-0"]
[WhiteElo "1619"]
[BlackElo "1692"]
[PlyCount "139"]
[EventDate "2006.04.02"]
[EventType "tourn"]
[EventRounds "5"]
[EventCountry "DEN"]
[SourceTitle "EXT 2023"]
[Source "ChessBase"]
[SourceDate "2022.10.05"]
[SourceVersion "1"]
[SourceVersionDate "2022.10.05"]
[SourceQuality "1"]

1. e4 c5 2. Nf3 Nc6 3. d4 cxd4 4. Nxd4 e5 5. Nb5 a6 6. Nd6+ Bxd6 7. Qxd6 Qf6 8. Qc7 Nge7 9. c4 0-0 10. Be3 Qg6 11. Nc3 f5 12. f3 fxe4 13. fxe4 b5 14. a3 Rb8 15. 0-0-0 b4 16. axb4 Rxb4 17. Qd6 Rf6 18. Qd2 Na5 19. Qc2 Rc6 20. c5 Nb3+ 21. Kb1 Nxc5 22. Nd5 Nxd5 23. exd5 Qxc2+ 24. Kxc2 Rc7 25. d6 Rc6 26. Kb1 Na4 27. Ka2 Rc2 28. Ka3 Rcxb2 29. Rd3 e4 30. Bd2 Rb8 31. Rd4 Nc5 32. Bc4+ Kh8 33. Rf1 h6 34. Rf8+ Kh7 35. Rxc8 Rxd2 36. Rxd2 Rxc8 37. Kb4 e3 38. Re2 a5+ 39. Kxa5 Nb7+ 40. Kb4 Nxd6 41. Bd3+ Kg8 42. Rxe3 Ne8 43. Bg6 Nf6 44. Kb3 Rb8+ 45. Kc2 d5 46. Ra3 Kf8 47. Kc3 Ke7 48. Ra7+ Nd7 49. Bf5 Rd8 50. Kd4 Kd6 51. Ra6+ Kc7 52. Rg6 Ra8 53. Rxg7 Ra4+ 54. Ke3 Ra3+ 55. Kf4 Ra4+ 56. Kg3 Ra3+ 57. Kh4 Ra4+ 58. Kh5 Kd6 59. Rxd7+ Ke5 60. g4 d4 61. h4 Ra6 62. Rd8 Rb6 63. Rh8 Rb5 64. Kxh6 Kf6 65. Rd8 Rb4 66. Bg6 d3 67. Bf5 Rb6 68. Bxd3 Ke7+ 69. Kg7 Kxd8 70. h5 1-0

[Event "Lovfalds EMT 19th C"]
[Site "Ringsted"]
[Date "2005.09.17"]
[Round "2"]
[White "Kjaer, Thomas"]
[Black "Brand, Bjarne"]
[Result "1/2-1/2"]
[WhiteElo "1592"]
[BlackElo "1733"]
[PlyCount "65"]
[EventDate "2005.09.16"]
[EventType "tourn"]
[EventRounds "5"]
[EventCountry "DEN"]
[SourceTitle "EXT 2023"]
[Source "ChessBase"]
[SourceDate "2022.10.05"]
[SourceVersion "1"]
[SourceVersionDate "2022.10.05"]
[SourceQuality "1"]

1. e4 Nf6 2. e5 Nd5 3. Bc4 e6 4. Nf3 Nb6 5. Bb3 d5 6. d4 c5 7. c3 Nc6 8. 0-0 Bd7 9. Re1 cxd4 10. cxd4 Qc7 11. Nc3 a6 12. a3 Be7 13. Bf4 Nc4 14. Qe2 b5 15. Rac1 Qb6 16. Red1 N6a5 17. Ba2 b4 18. axb4 Bxb4 19. b3 Na3 20. Na4 Bxa4 21. bxa4 0-0 22. Ng5 h6 23. Nf3 Rfc8 24. Qe3 Bf8 25. g4 N5c4 26. Bxc4 Rxc4 27. g5 hxg5 28. Nxg5 Be7 29. Qd3 Bxg5 30. Bxg5 Rxc1 31. Rxc1 Nc4 32. Rb1 Qc7 33. Qb3 1/2-1/2

[Event "Frederikssund DSU 100 years C"]
[Site "Frederikssund"]
[Date "2003.02.08"]
[Round "2"]
[White "Brand, Bjarne"]
[Black "Hansen, Henrik Damgaard"]
[Result "0-1"]
[WhiteElo "1700"]
[BlackElo "1705"]
[PlyCount "128"]
[EventDate "2003.02.07"]
[EventType "tourn"]
[EventRounds "5"]
[EventCountry "DEN"]
[SourceTitle "EXT 2023"]
[Source "ChessBase"]
[SourceDate "2022.10.05"]
[SourceVersion "1"]
[SourceVersionDate "2022.10.05"]
[SourceQuality "1"]

1. e4 d5 2. exd5 Nf6 3. Nc3 Nxd5 4. Bc4 e6 5. Nf3 Nxc3 6. bxc3 Bd6 7. d4 0-0 8. Bg5 Be7 9. h4 Nd7 10. Bd3 Nf6 11. h5 b6 12. Bxf6 Bxf6 13. Be4 Rb8 14. Qd3 h6 15. g4 c5 16. Rd1 Qe7 17. g5 Bxg5 18. Nxg5 Qxg5 19. Ke2 Bb7 20. Rdg1 Bxe4 21. Qxe4 Qf5 22. Qxf5 exf5 23. Rh4 Rbc8 24. Kd3 Rfd8 25. Rf4 c4+ 26. Kd2 Rd5 27. Rf3 Rc7 28. Re1 Kf8 29. Rfe3 g6 30. Re8+ Kg7 31. hxg6 fxg6 32. R8e7+ Rxe7 33. Rxe7+ Kf6 34. Rxa7 Ra5 35. Rc7 b5 36. f4 Ra6 37. Rb7 Rxa2 38. Rxb5 Ra7 39. Rb6+ Kf7 40. Rc6 Re7 41. Rxc4 h5 42. d5 h4 43. d6 Rd7 44. Rc7 Ke6 45. Rxd7 Kxd7 46. Ke2 Kxd6 47. Kf2 Kd5 48. Kf3 h3 49. c4+ Kxc4 50. Kg3 h2 51. Kxh2 Kc3 52. Kg3 Kxc2 53. Kh4 Kd3 54. Kg5 Ke4 55. Kh4 Kxf4 56. Kh3 Kf3 57. Kh2 Kf2 58. Kh1 g5 59. Kh2 g4 60. Kh1 f4 61. Kh2 g3+ 62. Kh1 g2+ 63. Kh2 g1Q+ 64. Kh3 Qg3# 0-1